[Event "Torino dell'Ariete op"]
[Site "Torino"]
[Date "2015.05.07"]
[Round "7"]
[White "Masi, Adamo"]
[Black "Bosetti, Roberto"]
[Result "1/2-1/2"]
[WhiteElo "1916"]
[BlackElo "1774"]
[PlyCount "110"]
[EventDate "2015.03.26"]
[EventType "swiss"]
[EventRounds "7"]
[EventCountry "ITA"]
[SourceTitle "EXT 2017"]
[Source "ChessBase"]
[SourceDate "2016.10.25"]
[SourceVersion "1"]
[SourceVersionDate "2016.10.25"]
[SourceQuality "1"]

1. d4 Nf6 2. g3 d5 3. Bg2 c6 4. Nf3 Bf5 5. 0-0 e6 6. Nh4 Be4 7. f3 Bg6 8. Nxg6 hxg6 9. e4 dxe4 10. fxe4 Be7 11. c4 0-0 12. Nc3 Na6 13. a3 Nc7 14. b4 a5 15. Rb1 Qd7 16. Be3 axb4 17. axb4 Ra3 18. Qc1 Rfa8 19. h3 Nh5 20. Kh2 Nf6 21. Rd1 Nh7 22. e5 Bg5 23. Bxg5 Nxg5 24. h4 Nh7 25. Ne4 Ne8 26. Nc5 Qc7 27. b5 Ra2 28. Rd2 Rxd2 29. Qxd2 Rd8 30. Qc3 cxb5 31. Rxb5 b6 32. Na4 Qd7 33. d5 exd5 34. Rxd5 Qc7 35. Qd4 Rxd5 36. Bxd5 Nf8 37. Nxb6 Qe7 38. Nc8 Qd7 39. Nd6 Nxd6 40. exd6 Ne6 41. Qe5 Kf8 42. Kg2 Qc8 43. h5 gxh5 44. Qxh5 Ke8 45. Qf3 Kd7 46. Qxf7+ Kxd6 47. Qxe6+ Qxe6 48. Bxe6 Kxe6 49. Kf3 Ke5 50. Kg4 Kd4 51. Kg5 Kxc4 52. Kg6 Kd5 53. g4 Ke5 54. Kg5 Ke6 55. Kg6 Ke5 1/2-1/2

[Event "Torino dell'Ariete op"]
[Site "Torino"]
[Date "2015.04.30"]
[Round "6"]
[White "Leoni, Alessandro"]
[Black "Masi, Adamo"]
[Result "1-0"]
[WhiteElo "1908"]
[BlackElo "1916"]
[PlyCount "50"]
[EventDate "2015.03.26"]
[EventType "swiss"]
[EventRounds "7"]
[EventCountry "ITA"]
[SourceTitle "EXT 2017"]
[Source "ChessBase"]
[SourceDate "2016.10.25"]
[SourceVersion "1"]
[SourceVersionDate "2016.10.25"]
[SourceQuality "1"]

1. e4 d5 2. exd5 Qxd5 3. Nc3 Qa5 4. d4 c6 5. Bd2 Qb6 6. Nf3 Nf6 7. Bc4 e6 8. Qe2 Be7 9. 0-0-0 Qc7 10. Rhe1 0-0 11. Ne5 b5 12. Bb3 Bd6 13. Kb1 a6 14. f4 Nd5 15. Ne4 Be7 16. Qh5 Nd7 17. Ng5 Bxg5 18. fxg5 Nxe5 19. dxe5 g6 20. Qh6 Qe7 21. Re4 a5 22. Rh4 f5 23. gxf6 Qf7 24. c4 bxc4 25. Rxc4 Qc7 1-0

[Event "Torino dell'Ariete op"]
[Site "Torino"]
[Date "2015.04.02"]
[Round "2"]
[White "Masi, Adamo"]
[Black "Chianale, Angelo"]
[Result "1-0"]
[WhiteElo "1916"]
[BlackElo "1738"]
[PlyCount "91"]
[EventDate "2015.03.26"]
[EventType "swiss"]
[EventRounds "7"]
[EventCountry "ITA"]
[SourceTitle "EXT 2017"]
[Source "ChessBase"]
[SourceDate "2016.10.25"]
[SourceVersion "1"]
[SourceVersionDate "2016.10.25"]
[SourceQuality "1"]

1. c4 f5 2. d4 Nf6 3. Nc3 g6 4. g3 Bg7 5. Bg2 0-0 6. Nf3 d6 7. 0-0 Nc6 8. d5 Na5 9. Qd3 e5 10. dxe6 Bxe6 11. b3 Nc6 12. Bb2 Ne4 13. Rfc1 Qd7 14. Ne1 Ne5 15. Qc2 Qf7 16. e3 Nxc3 17. Bxc3 Rab8 18. Nd3 Ng4 19. Nf4 c6 20. Rd1 Rbd8 21. Rd2 g5 22. Ne2 Qh5 23. h3 Ne5 24. Nd4 Rde8 25. Qd1 g4 26. h4 Nf3+ 27. Bxf3 gxf3 28. Nxe6 Bxc3 29. Nxf8 Bxa1 30. Qxa1 Kxf8 31. Rxd6 Qg4 32. Qh8+ Qg8 33. Rf6+ Ke7 34. Qxg8 Rxg8 35. Rxf5 Rd8 36. Rxf3 Rd2 37. g4 Rxa2 38. g5 Ra5 39. Kg2 Re5 40. Rf4 b5 41. cxb5 cxb5 42. Kf3 a5 43. Rd4 b4 44. Rc4 Kd6 45. Rc8 Rf5+ 46. Ke2 1-0